Welcome to WEB OPAC of MRSPTU Central Library

Principles of metal cutting (Record no. 5912)

MARC details
000 -LEADER
fixed length control field 00419nam a2200169Ia 4500
008 - FIXED-LENGTH DATA ELEMENTS--GENERAL INFORMATION
fixed length control field 230711s9999||||xx |||||||||||||| ||und||
020 ## - INTERNATIONAL STANDARD BOOK NUMBER
International Standard Book Number 978-81-7371-028-5
041 ## - LANGUAGE CODE
Language code of text/sound track or separate title ENG
082 ## - DEWEY DECIMAL CLASSIFICATION NUMBER
Classification number 621.902
Item number KU-P
100 ## - MAIN ENTRY--PERSONAL NAME
Personal name Kuppuswamy,G
245 #0 - TITLE STATEMENT
Title Principles of metal cutting
250 ## - EDITION STATEMENT
Edition statement 1st Ed.
260 ## - PUBLICATION, DISTRIBUTION, ETC.
Date of publication, distribution, etc. 2013
Place of publication, distribution, etc. New Delhi
Name of publisher, distributor, etc. Universities Press
300 ## - PHYSICAL DESCRIPTION
Extent 236p.
650 ## - SUBJECT ADDED ENTRY--TOPICAL TERM
Topical term or geographic name entry element Mechanical Engineering
942 ## - ADDED ENTRY ELEMENTS (KOHA)
Koha item type Book
Holdings
Withdrawn status Lost status Damaged status Not for loan Collection Home library Current library Date acquired Cost, normal purchase price Inventory number Total checkouts Full call number Barcode Date last seen Price effective from Koha item type Source of acquisition
          MRSPTU Central Library MRSPTU Central Library   375.00 2142502   621.902 KU-P 31914 08/17/2023 08/17/2023 Book  
          MRSPTU Central Library MRSPTU Central Library   375.00 2142502   621.902 KU-P 31915 08/17/2023 08/17/2023 Book  
          MRSPTU Central Library MRSPTU Central Library   375.00 2142502   621.902 KU-P 31916 08/17/2023 08/17/2023 Book  
          MRSPTU Central Library MRSPTU Central Library   375.00 2142502   621.902 KU-P 31917 08/17/2023 08/17/2023 Book  
          MRSPTU Central Library MRSPTU Central Library   375.00 2142502   621.902 KU-P 31918 08/17/2023 08/17/2023 Book  
          MRSPTU Central Library MRSPTU Central Library   375.00 2142502   621.902 KU-P 31919 08/17/2023 08/17/2023 Book  
          MRSPTU Central Library MRSPTU Central Library 09/06/2043 425.00 KBD/2017-2018/1019643059   671.53 KU-P 39999 08/17/2023 08/17/2023 Book Krishna Book Distributors
          MRSPTU Central Library MRSPTU Central Library 09/06/2043 425.00 KBD/2017-2018/1019643059   671.53 KU-P 40000 08/17/2023 08/17/2023 Book Krishna Book Distributors
          MRSPTU Central Library MRSPTU Central Library 09/06/2043 425.00 KBD/2017-2018/1019643059   671.53 KU-P 40001 08/17/2023 08/17/2023 Book Krishna Book Distributors
          MRSPTU Central Library MRSPTU Central Library 09/06/2043 425.00 KBD/2017-2018/1019643059   671.53 KU-P 40002 08/17/2023 08/17/2023 Book Krishna Book Distributors
          MRSPTU Central Library MRSPTU Central Library 09/06/2043 425.00 KBD/2017-2018/1019643059   671.53 KU-P 40003 08/17/2023 08/17/2023 Book Krishna Book Distributors
          MRSPTU Central Library MRSPTU Central Library 09/06/2043 425.00 KBD/2017-2018/1019643059   671.53 KU-P 40004 08/17/2023 08/17/2023 Book Krishna Book Distributors

Website Designed and Developed by MRSPTU Central Library Team

E-mail Id: librarian@mrsptu.ac.in